MESTSKÁ KNIŽNICA GIRALTOVCE  - online katalóg 

Základy sociální psychologie (Record no. 23969)

000 -NÁVESTIE
fixed length control field 00928nam a2200289 a 4500
001 - EVIDENČNÉ ČÍSLO ZÁZNAMU - Kontrolné číslo
control field vtls008179009
005 - DÁTUM A ČAS POSLEDNEJ TRANSAKCIE
control field 20251024080629.0
008 - ÚDAJE S PEVNOU DĹŽKOU – VŠEOBECNÉ INFORMÁCIE
fixed length control field 050411s2000 xr a 001 0 cze c
020 ## - MEDZINÁRODNÉ ŠTANDARDNÉ ČÍSLO KNIHY (ISBN)
Medzinárodné štandardné číslo knihy (ISBN) 807178415X
035 ## - Iný štandardný identifikátor
Iný štandardný identifikátor SPKKN15417
040 ## - ZDROJ KATALOGIZÁCIE
Pôvodná katalogizujúca agentúra SPKKN
Jazyk katalogizácie slo
Prepisujúca agentúra SNK
Modifikujúca agentúra SPK
Konvencie popisu AACR2
041 ## - KÓD JAZYKA
Kód jazyka textu/zvukovej stopy alebo samostatných nápisov cze
044 ## - KÓD KRAJINY VYDAVATEĽA/PRODUCENTA
Kód krajiny MARC CZ
080 ## - ČÍSLO MEDZINÁRODNÉHO DESATINNÉHO TRIEDENIA (MDT)
Číslo Medzinárodného desatinného triedenia (MDT) 316.6
100 1# - OSOBNÉ MENÁ – VŠEOBECNÉ INFORMÁCIE
Osobné meno Hayes, Nicky
-- 5077
245 10 - NÁZOV
Názov Základy sociální psychologie
Údaj o zodpovednosti atď. Nicky Hayesová ; přeložila Irena Štěpaníková
250 ## - ÚDAJ O PORADÍ VYDANIA
Údaj o poradí vydania 2. vyd.
260 ## - VYDAVATEĽSKÉ ÚDAJE, DISTRIBÚCIA ATĎ.
Miesto publikovania, distribúcie atď. Praha
Názov vydavateľa, distibútora atď. Portál
Dátum publikovania, distribúcie atď. 2000
300 ## - FYZICKÝ POPIS
Rozsah 165 s.
Ďalšie fyzické detaily ilustr.
500 ## - VŠEOBECNÁ POZNÁMKA
Formátovaná poznámka o obsahu Bibliogr. s. 150-159., slovníček, reg.
650 07 - PRIDANÝ VSTUP – PREDMET – TEMATICKÉ HESLO
Tematické heslo alebo geografický názov ako vstupný prvok sociálna psychológia
Zdroj hesla alebo termínu snk
-- 5078
650 07 - PRIDANÝ VSTUP – PREDMET – TEMATICKÉ HESLO
Tematické heslo alebo geografický názov ako vstupný prvok interpersonálne vzťahy
Zdroj hesla alebo termínu snk
-- 1969
650 07 - PRIDANÝ VSTUP – PREDMET – TEMATICKÉ HESLO
Tematické heslo alebo geografický názov ako vstupný prvok sociálna komunikácia
Zdroj hesla alebo termínu snk
-- 5079
655 #7 - INDEXAČNÝ TERMÍN – ŽÁNER/FORMA
Údaje o žánri/forme alebo termín, ktorý je prvok fazety odborné publikácie
Zdroj termínu snk
-- 5080
700 1# - PRIDANÝ VSTUP – OSOBNÉ MENO
Osobné meno Štěpaníková, Irena
Kód roly trl
-- 5081
850 ## - Držiteľská inštitúcia
LOKÁCIA (UMIESTNENIE) KIS3GMM
Holdings
Stav stiahnutia (Blokovanie) (Withrawn status) Stav straty Zdroj klasifikácie pre skladovanie Stav poškodenia (Damaged status) Nie pre výpožičky (Not for loan) Spôsob nadobudnutia (Collection code) Trvalé umiestnenie Aktuálne umiestnenie Dátum nadobudnutia Inventárne číslo (prírastkové číslo) Full call number Čiarový kód Dátum posledného výskytu Cena s účinnosťou od Typ jednotky Koha
          Dar Mestská knižnica Giraltovce Mestská knižnica Giraltovce 2025-10-24 22325 S1597 S1597 2025-10-24 2025-10-24 Odborná literatúra pre dospelých

Powered by Koha